000 00471nam a2200181Ia 4500
005 20250326141056.0
008 250326s9999 xx 000 0 und d
037 _aTextbook
040 _aFMSL
_beng
_cFMSL
041 _aeng
_2eng
084 _qFMSL
100 _aThe World Bank
_9743645
245 0 _aWorld development indicators, 1999
_cThe World Bank
260 _aU.S.
_bU.S., World Bank
_c1999
300 _a300p
942 _cTB
999 _c1288589
_d1288589